Remembering Sir J.C. Bose (Record no. 140213)
[ view plain ]
| 000 -LEADER | |
|---|---|
| fixed length control field | 01739nam a2200397 a 4500 |
| 082 04 - DEWEY DECIMAL CLASSIFICATION NUMBER | |
| Classification number | 509.2 |
| 100 1# - MAIN ENTRY--AUTHOR NAME | |
| Personal name | Sen Gupta, D. P. |
| 245 10 - TITLE STATEMENT | |
| Title | Remembering Sir J.C. Bose |
| 260 ## - PUBLICATION, DISTRIBUTION, ETC. (IMPRINT) | |
| Place of publication | Hackensack, N.J. : |
| Name of publisher | World Scientific ; |
| Place of publication | Bangalore : |
| Name of publisher | IISc Press, |
| Year of publication | c2009. |
| 300 ## - PHYSICAL DESCRIPTION | |
| Number of Pages | ix, 169 p. : |
| Other physical details | ill. (some col.). |
| 500 ## - GENERAL NOTE | |
| General note | "This monograph is the outcome of a Symposium that was arranged at the Indian Institute of Science, Bangalore, on November 28, 2008 to celebrate the 150th birth anniversary of Sir J.C. Bose."--P. v. |
| 650 #0 - SUBJECT ADDED ENTRY--TOPICAL TERM | |
| Topical Term | Scientists |
| Topical Term | Biophysics |
| 700 1# - ADDED ENTRY--PERSONAL NAME | |
| Personal name | Engineer, M. H. |
| Personal name | Shepherd, Virginia Anne. |
| 856 40 - ELECTRONIC LOCATION AND ACCESS | |
| Uniform Resource Identifier | http://site.ebrary.com/lib/rucke/Doc?id=10422163 |
No items available.
